The geology and mineral resources of the neighbourhood of Raub, Pahang, Federated Malay States, (Record no. 27620)

MARC details
000 -LEADER
fixed length control field 01092cam a22002771 4500
001 - CONTROL NUMBER
control field gs 40000095
003 - CONTROL NUMBER IDENTIFIER
control field DLC
005 - DATE AND TIME OF LATEST TRANSACTION
control field 20260227111345.0
008 - FIXED-LENGTH DATA ELEMENTS--GENERAL INFORMATION
fixed length control field 720825s1939 xx 000 0 eng
010 ## - LIBRARY OF CONGRESS CONTROL NUMBER
LC control number gs 40000095
035 ## - SYSTEM CONTROL NUMBER
System control number (OCoLC)391814
040 ## - CATALOGING SOURCE
Original cataloging agency DLC
Transcribing agency OAU
Modifying agency DLC
042 ## - AUTHENTICATION CODE
Authentication code premarc
050 00 - LIBRARY OF CONGRESS CALL NUMBER
Classification number QE299.5
Item number .A32 no. 3
082 ## - DEWEY DECIMAL CLASSIFICATION NUMBER
Classification number 555.95
100 1# - MAIN ENTRY--PERSONAL NAME
Personal name Richardson, James Alfred.
245 14 - TITLE STATEMENT
Title The geology and mineral resources of the neighbourhood of Raub, Pahang, Federated Malay States,
Remainder of title with an account of the geology of the Raub Australian gold mine.
260 ## - PUBLICATION, DISTRIBUTION, ETC.
Place of publication, distribution, etc. [Singapore,
Name of publisher, distributor, etc. Printers, ltd.,
Date of publication, distribution, etc. 1939]
300 ## - PHYSICAL DESCRIPTION
Extent ix, 166 p.
Other physical details illus., maps (2 fold., 1 in pocket) diagrs.
Dimensions 27 cm.
490 1# - SERIES STATEMENT
Series statement Malay States, Federated. Geological Survey Dept. [Memoir no. 3]
504 ## - BIBLIOGRAPHY, ETC. NOTE
Bibliography, etc. note Bibliography: p. 151-153.
650 #0 - SUBJECT ADDED ENTRY--TOPICAL TERM
Topical term or geographic name entry element Geology
Geographic subdivision Federated Malay States.
650 #0 - SUBJECT ADDED ENTRY--TOPICAL TERM
Topical term or geographic name entry element Mines and mineral resources
Geographic subdivision Federated Malay States.
650 #0 - SUBJECT ADDED ENTRY--TOPICAL TERM
Topical term or geographic name entry element Gold mines and mining
Geographic subdivision Federated Malay States.
810 1# - SERIES ADDED ENTRY--CORPORATE NAME
Corporate name or jurisdiction name as entry element Malaya (Federation)
Subordinate unit Geological Survey Department.
Title of a work Memoir ;
Volume/sequential designation no. 3.

No items available.

Powered by Koha